000 01375nam a2200337 i 4500
001 15917
003 ES-MaACL
005 20250913172447.0
007 t|
008 000519s1999 sp a ||||1| spa d
020 _a84-00-07836-5
080 _a946.0"1898"
080 _a972.91"1895/98"
080 _a959.9"1896/98"
080 _a972.95"1511/1898"
245 0 0 _aImágenes e imaginarios nacionales en el ultramar español /
_cConsuelo Naranjo Orovio y Carlos Serrano (eds.).
260 _aMadrid :
_bConsejo Superior de Investigaciones Científicas, Departamento de Historia de América :
_bCasa Velázquez,
_c1999.
300 _a391 p. :
_bil. col. y n. ;
_c24 cm.
490 1 _aColección Tierra nueva e cielo nuevo ;
_v37
651 4 _aEspaña-
_xHistoria-
_y1898
_98272
651 4 _aCuba-
_xHistoria-
_y1895-1898, Guerra de la Independencia.
_98096
651 4 _aPuerto Rico-
_xHistoria-
_y1511-1898, Época colonial.
_9155352
651 4 _aFilipinas-
_xHistoria-
_y1896-1898, Insurrección.
_9155351
700 1 _aNaranjo Orovio, Consuelo
_984927
700 1 _aSerrano, Carlos,
_d1943-2000
_9105689
710 2 _aConsejo Superior de Investigaciones Científicas (España)
_93236
710 2 _aCasa de Velázquez.
_92477
830 0 _aColección Tierra nueva e cielo nuevo ;
_v37
_9179366
852 _aES-MaACL
_jL-22853
999 _c15917
_d15917